| 000 | 00377nam a22001697a 4500 | ||
|---|---|---|---|
| 003 | SGT | ||
| 020 | _a9789352706921 | ||
| 082 |
_a612 _bR21S |
||
| 100 | _aSEMBULINGAM,K. | ||
| 245 | _aREVEW OF MEDICAL PHYSIOLOGY | ||
| 250 | _a3RD | ||
| 260 |
_aNEW DELHI _bJAYPEE. PUB _c2021 |
||
| 300 | _a144 | ||
| 650 | _aPHYSIOLOGY | ||
| 653 | _aMEDICAL PHYSIOLOGY | ||
| 942 |
_2ddc _cBK _08 |
||
| 999 |
_c22896 _d22896 |
||